000 00706nam a22002297a 4500
001 124981
003 UA-OsUOA
005 20220411195420.0
007 ta
008 20170831b un ||||| |||| 00| 0 ukr d
040 _aUA-OsUOA
_bukr
_cUA-OsUOA
_dUA-OsUOA
041 _aukr
080 _a008(477)
090 _a008(477)
_bХ98
245 _aХудожня культура. Актуальні проблеми
_bнауковий вісник
260 _aК.
_bВидавничий дім А+С
_c2006
300 _a680 с.
650 7 _a008 Цивілізація. Культура. Прогрес
_2UDC
942 _cBK
_2udc
955 _a1
999 _c412156
_d412156